00895 a2200229 45000010006000000050017000060080041000230030015000640400040000790800075001192450041001942500012002352640029002473000019002765050180002950410008004751000025004837000021005087000021005297000020005508560095005705395420260407155810.0260407a1972 arg spa dAR-UNSa-BCEJYS aAR-UNSa-BCEJYSbspacAR-UNSa-BCEJYS a330.834xKeynes y el keynesianismo. Neokeynesianismo. Poskeynesianismo10aCrítica de la economía clásica a3a. ed. 1aBarcelona :bArielc1972 a239 p.c18 cm. aI. El keynesianismo como revolución en el pensamiento económico clásico - II. El keynesianismo como continuación del pensamiento económico anterior - III. Keynes,hoy aspa1 aKeynes, John Maynard1 aFriedman, Milton1 aHansen, Alvin H.1 aSweezy, Paul M.41uhttps://biblioeco.unsa.edu.ar/pmb/images/libros/L128490.jpgyImagen de portadaqimage/jpeg